[Event "Match 72__120'/40"]
[Site "Zurich"]
[Date "2022.??.??"]
[Round "27"]
[White "CXG Sphinx Legend"]
[Black "Mephisto MM II"]
[Result "1/2-1/2"]
[WhiteElo "1816"]
[BlackElo "1815"]
[Annotator "KUT"]
[PlyCount "109"]
[EventDate "2022.??.??"]

{[%evp 0,109,19,38,43,18,28,33,15,-7,51,-7,-3,-1,0,-11,-15,-13,-7,2,-19,-24,-13,-23,-12,-19,-29,-36,-11,-16,7,4,-24,-22,42,42,34,31,66,64,67,42,43,19,38,45,43,43,61,64,70,72,68,85,51,51,56,62,120,126,109,121,136,129,125,119,135,92,107,85,93,73,82,80,69,53,51,56,76,23,25,25,22,39,86,93,109,97,176,146,154,136,170,192,213,244,264,270,269,238,245,271,266,308,315,262,273,115,115,0,0,0]} 1. e4 e6 {Match 120'/40+60'/20+30' | Bediener: Rolf Bühler | 27. Partie: remis | Zwischenstand: 15-12 (55,5%) für Mephisto MM II | Aus der Französischen Verteidigung, Tarrasch-Variante, mit einem isolierten Bauern auf d5, entwickelt sich eine ruhige Partie. Erst als Schwarz freiwillig die Damen tauscht, kippt die Stellung zugunsten von Weiss. Nachdem Schwarz gezwungen ist, seinen letzten Turm zu tauschen, landet er in einem verlorenen Springerendspiel. Es sieht nach einem leichten Sieg für Weiss aus, der all seine Bauern und Figuren am Königsflügel aufgestellt hat, während der schwarze König und Springer sich hoffnungslos abseits am Damenflügel aufhalten. Aber oh Schreck, die CXG Sphinx Legend vergibt einmal mehr den Sieg und muss sich so mit einem bitteren Remis begnügen.} 2. d4 d5 3. Nd2 c5 4. exd5 exd5 {***ENDE BUCH***} 5. Bb5+ {***ENDE BUCH***} Bd7 6. Bxd7+ {Als Französisch-Spieler ist mir dieser Tausch unangenehmer, als wenn Weiss zum üblicheren 6.De2+ greift. Interessanterweise hat 6.Lxd7+ auch statistisch etwas bessere Werte und es ist ebenfalls die von den modernen Engines bevorzugte Fortsetzung.} Nxd7 (6... Qxd7 {Die Statistik spricht sich gegen diesen Tausch aus. Den Engines hingegen vermag diese Fortsetzung besser als 6...Sxd7 zu gefallen. Aus meiner Sicht eine reine Geschackssache.}) 7. dxc5 Bxc5 8. Nb3 Ngf6 {Meines Erachtens die am wenigsten genaue aller hier zur Verfügung stehenden Züge:} (8... Bb6 {bewahrt den guten Läufer}) (8... Ne7 {hält die e-Linie geschlossen und erlaubt später ...Sc6}) (8... Qe7+ {sucht den Damentausch, auf den Weiss kaum eintreten wird}) 9. Nxc5 Nxc5 10. Qe2+ Ne6 11. Nf3 O-O 12. O-O Re8 $11 {ausgeglichen} 13. Qd3 Qd6 14. Be3 Ng4 15. Bd2 {Diese kleine Künstelei kann sich Weiss erlauben. Ansonsten denkt man eher an Tad1 oder Tfe1, was beides der Entwicklung dient.} Nc5 16. Qf5 Qd7 $6 {Mit einem Isolani im Zentrum den Damentausch zu suchen, ist bestimmt nicht das Gelbe vom Ei. Sowohl 16...Sge5 als auch 16...Te4 hätten der schwarzen Sache besser gedient und zumindest den Ausgleich gesichert.} 17. Qxd7 {Dankend nimmt Weiss das kleine "Geschenk" an.} Nxd7 18. Rad1 Re4 (18... Nge5 {vermag besser zu gefallen} 19. Nd4 Nc6 20. Be3 Nf8 21. c3 Ne6) 19. Bc3 Ngf6 20. Rfe1 Rae8 21. Bd4 {Feinheiten darf man von unseren Oldies nicht erwarten. Die Engines hätten sich für einen der folgenden Züge entschieden mit jeweils spürbarem Vorteil für Weiss:} (21. Nd4 g6 22. f3 Rxe1+ 23. Bxe1 $16) (21. Rxe4 dxe4 22. Nd4 Nd5 23. Nf5 Nxc3 24. Rxd7 $16) (21. Kf1 g6 22. Nd4 Rxe1+ 23. Bxe1 Rc8 24. f3 $16) 21... a5 $6 {Den Bauer auf die Farbe des gegnerischen Läufers zu stellen, ist nicht optimal. Sinnvoller deshalb 21...a6, was dem weissen Springer auch das Feld b5 nimmt.} 22. Rxe4 $1 {Damit erlangt Weiss wieder spürbaren Vorteil, was jedoch beiden Programmen nicht bewusst sein dürfte.} dxe4 {Befreit sich wenigstens von seinem isolierten Bauern.} 23. Nd2 b5 {Will offenbar Sc4 verhindern.} 24. c4 $1 {Gut gespielt, indem Weiss seine Bauernmehrheit am Damenflügel zu einem Thema macht.} bxc4 25. Nxc4 a4 {Nun ist es Schwarz, der um den Ausgleich kämpfen muss. Denn der a4-Bauer ist schwach und gefährdet.} 26. Bxf6 $6 Nxf6 27. Nb6 {Das war die (falsche) Idee des vorhergehenden Tausches auf f6. Richtig wäre es, vorerst mit 27.a3 die Schwäche a4 festzulegen.} (27. a3 $1 Rb8 28. Nb6 Ng4 (28... Rxb6 $4 29. Rd8+ Ne8 30. Rxe8#) 29. Nxa4 f5 30. Rd5 e3 31. fxe3 Nxe3 32. Rc5 {und Schwarz mit seinem Minusbauer hat einen schweren Kampf um das Remis zu führen.}) 27... a3 $1 {Das macht den weissen Vorteil praktisch desolat, insbesondere dann, wenn Weiss den Bauern schlägt, womit seine ehemals schöne Bauernmehrheit zerstört ist.} 28. bxa3 $6 {Wenigstens 28.b3 sollte Weiss noch versuchen.} e3 $6 {Der Vorschlag 28...h5 von Dragon 3.1 by Komodo Chess 64-bit ist stärker.} (28... h5 {[%eval 22,46]} 29. a4 e3 30. a5 e2 31. Re1 Re5 32. g3 Rxa5 33. Rxe2 Ra3 34. Rc2 h4 35. gxh4 Kh7 36. Kg2 Kh6 37. Nc4 Ra4 38. Ne5 Ra7 39. Rc4 Ra5 40. Nxf7+ Kg6 41. Ng5 Rxa2 42. Ne6 Nh5 43. Nc5 Kf5 44. Ne4 Nf6 45. Ng3+ Kg6 46. Rd4 Ra3 47. Nf1 Kh6 48. Rf4 Ra2 49. Ng3 Nd5 50. Rd4 Nf6 51. Rb4 Ra5 52. Rc4 Ra2 53. h3 Ra1) 29. fxe3 Rxe3 $2 {Ein schlimmer Fehler, der die Partie verlieren sollte. Denn Weiss kann nun ein leicht gewonnenes Springerendspiel einlenken.} 30. Rd8+ Re8 {Das ist leider erzwungen.} (30... Ne8 31. Nc4 {Droht Sd6 +- und das lässt sich nicht abwehren.} Re1+ 32. Kf2 Re6 33. Nd6 Rf6+ 34. Kg1 g6 35. Nxe8) 31. Rxe8+ Nxe8 32. a4 {Dieser Freibauer ist tödlich.} Nc7 33. a5 {Noch stärker war es, mit 33.Kf2 sofort den weissen König zum Damenflügel in den Kampf zu werfen.} (33. Kf2 Kf8 34. Ke3 Ke7 35. Kd4 Kd6 36. Nc4+ Kd7 (36... Kc6 37. Ne5+) 37. Kc5 Ne6+ 38. Kb6 f6 39. a5 Kc8 40. a6 Kb8 41. a7+ Ka8 42. Ne3 g6 43. Nd5 f5 44. h4 h6 45. Nc7+ Nxc7 46. Kxc7 Kxa7 47. Kd6 g5 48. hxg5 hxg5 49. Ke5 f4 50. Kf5 {und gewinnt}) 33... Kf8 34. Kf2 {Jetzt bringt er den König doch noch ins Spiel. Aber das verlorene Tempo mit dem späteren Einsatz des Königs, macht nun die weisse Aufgabe in technischer Hinsicht einiges schwieriger, bzw. für unsere Oldies nicht lösbar.} Ke7 35. Nc4 Ke6 36. Ne3 $6 {Weiss rudert wie angetönt in diesem Endspiel hilflos umher. Hier sind Endspielkenntnisse und hohe Rechenkraft gefordert. Als Beispiel eine langwierige Gewinnvariante.} (36. Ke3 Kd5 37. Kd3 g6 38. Ne3+ Kc5 39. Ke4 Kd6 40. Kd4 Nb5+ 41. Kc4 Nc7 42. Nc2 Nd5 43. a6 Ne7 44. a7 Nc8 45. a8=N Kc6 46. Kd4 f6 47. Nb4+ Kb7 48. Kc5 Kxa8 49. Nd5 Kb7 50. Nxf6 h5 51. Kd5 Kc7 52. Ke6 h4 53. Nd5+ Kd8 54. h3 Ke8 55. a4 Na7 56. Kf6 $18) 36... Kd7 37. Kf3 Kc6 38. Nf5 Ne6 39. a4 {König nach vorn, Ke4, ist natürlich besser.} Kb7 {Mit 39...g6 war mehr Widerstand zu leisten.} 40. Nd6+ Ka6 41. Nxf7 Nc5 42. Ng5 h6 43. Ne4 Nb7 44. Kg4 g6 {Sonst dringt der weisse König nach g6 ein und erobert beide Bauern.} 45. Nd2 Kxa5 46. Nc4+ Kxa4 47. Ne5 {Die Abwesenheiten der schwarzen Figuren am Königsflügel sichern nun Weiss den Sieg.} Nd6 48. Nxg6 Ne8 49. Ne5 Ng7 50. Nf7 h5+ 51. Kg5 Ne6+ {[#]} 52. Kxh5 $2 {[%mdl 4096] Und wieder strauchelt die CXG Sphinx Legend, indem ein leicht zu gewinnendes Endspiel zum Remis verkorkst wird.} (52. Kf6 Nf4 53. g3) 52... Nf4+ 53. Kg5 Nxg2 54. h4 Nxh4 55. Kxh4 1/2-1/2

[Event "Match 72__120'/40"]
[Site "Zurich"]
[Date "2022.??.??"]
[Round "28"]
[White "Mephisto MM II"]
[Black "CXG Sphinx Legend"]
[Result "1/2-1/2"]
[WhiteElo "1815"]
[BlackElo "1816"]
[Annotator "KUT"]
[PlyCount "133"]
[EventDate "2022.??.??"]

1. d4 d5 {Match 72: 120'/40+60'/20+30' | Bediener: Rolf Bühler | 28. Partie: remis | Zwischenstand: 15,5-12,5 (55,7%) für Mephisto MM II | Es wird das Angenommene Damengambit gespielt. Und schon nach 16 Zügen befindet man sich in einem schwierigen Endspiel. Der geringe Vorteil von Weiss geht verloren. Und dann ist es nur noch die CXG Sphinx Legend, die mehrmals einen möglichen Gewinn verpasst.} 2. c4 dxc4 3. Nf3 Nf6 4. e3 e6 5. Bxc4 c5 6. O-O a6 7. a4 {***ENDE BUCH***} Nc6 {***ENDE BUCH***} 8. Nc3 Bd7 {Absolut unüblich und nur gebräuchlich, falls Schwarz vorerst ...Sb4 spielt, um das Feld d5 unter Kontrolle zu bringen und hernach ...Lc8-d7-c6 folgen zu lassen.} 9. d5 {Die wohl kräftigste Fortsetzung.} exd5 10. Nxd5 Bg4 11. Nxf6+ $5 {Das fördert nur die gegnerische Entwicklung.} Qxf6 12. Bd5 Rd8 13. e4 Bxf3 14. Qxf3 Qxf3 15. Bxc6+ bxc6 16. gxf3 {Nach Ende der Abtauschorgie haben beide Parteien schwache Bauern. Auf den ersten Blick sieht es so aus, als ob Weiss dabei komfortabler steht, sind doch die gegnerischen Doppelbauern auf der c-Linie leicht angreifbar. Dabei darf jedoch die halboffene b-Linie nicht vergessen werden, wo Schwarz mit einem Turm gegen b2 drücken und so dynamisches Gleichgewicht anstreben kann. Es zeigt sich in der Folge, dass in diesem für die beiden Programme (zu) schwierigen Endspiel kleinere und grössere Ungenauigkeiten fast am Laufmeter passieren.} Bd6 17. Be3 Be5 $2 {Danach hätte Schwarz in Nöte kommen können.} (17... f5 $1 {war am besten} 18. Rac1 Rf8 19. Bxc5 Bxc5 20. Rxc5 Rf6 21. Ra5 $14) 18. Ra2 $2 {Zu passiv, statt mit 18.Lxc5 auf Vorteil zu spielen.} (18. Bxc5 Rd3 19. Kg2 Kd7 20. Rfd1 Rxd1 21. Rxd1+ Kc7 22. b4 $16 {und Schwarz wird ums Remis kämpfen müssen.}) 18... Rb8 $2 {Das ist der falsche Weg zum Ausgleich.} (18... Bd4 $1 $11 {ist ausgeglichen}) 19. Rb1 $2 {Aber Weiss findet sich in dieser Stellung ebenfalls nicht zurecht.} (19. Bxc5 {geht spürbar zugunsten von Weiss aus, denn der Bauer b2 ist tabu} Rxb2 $2 (19... h5 20. b4 $16) 20. Rxb2 Bxb2 21. Rb1 Be5 22. Rb7 $18 {steht Weiss auf Gewinn}) 19... Rb3 (19... Bd4 $1) 20. Bxc5 Rxf3 (20... Kd7 $1 $11) 21. Rd1 (21. Ra3 $1 $14) 21... Rf4 $6 (21... Rb3 $1 $14) 22. Bb6 (22. b4 $1 {denn falls} Rxe4 $2 23. f3 Rc4 24. f4 $1 Rxf4 (24... Bxf4 25. Re2+ Be3+ 26. Rxe3+ Re4 27. Rxe4#) 25. Rad2 Rg4+ 26. Kh1 f6 27. Rd8+ Kf7 28. Rxh8 $18 {und gewinnt}) 22... Ke7 23. b3 Rb8 24. a5 Rg4+ 25. Kh1 Rxe4 {Nun hat gar Schwarz einen Bauern mehr in diesem noch immer ausgeglichenen Endspiel.} 26. f3 (26. Rad2 $11) 26... Rf4 27. Re2 f6 28. Re3 (28. Kg2 $15) 28... Kf8 (28... Rb7 $17) 29. Rd7 Rh4 30. Re2 Rh3 31. Rf2 Re8 32. f4 Bb8 33. b4 Rb3 34. Bc5+ Kg8 35. f5 Rb1+ 36. Kg2 Kh8 37. Rb7 Be5 (37... h5 $11) 38. Rb6 Ra8 39. Rxc6 {Es herrscht wieder materielles Gleichgewicht.} Kg8 40. Rc2 g6 41. fxg6 hxg6 42. Kf3 Kf7 43. Rd2 g5 44. Kg4 Rh8 45. Rf2 Kg6 46. Rxa6 $2 {Verlustzug} Rb3 $2 {Verpasst den Gewinn.} (46... Re1 $1 47. Rd2 Rh4+ 48. Kf3 Rh3+ 49. Kf2 Ra1 50. Be3 g4 $19 {und gewinnt}) 47. Rfxf6+ {Mit einer netten Abwicklung erlangt Weiss den Ausgleich.} Bxf6 48. Rxf6+ Kxf6 49. Bd4+ Kg6 50. Bxh8 Rxb4+ 51. Kf3 {Auch wenn dieser 7-Steiner Remis ist, gibt es für unsere Oldies noch manchen Stolperstein.} Ra4 52. Be5 Rxa5 53. Bc7 Ra3+ 54. Ke4 $2 {verliert} (54. Kg2 {macht Remis}) 54... Ra4+ $2 {Ergibt nur Remis.} (54... Kh5 {gewinnt}) 55. Ke5 $2 {Falsche Marschroute, die verliert. Einzig 55.Kf3 sichert das Remis.} Ra2 56. Ke4 Rc2 57. Bg3 Re2+ $2 {[%mdl 32768] Vergibt den Gewinn, den unsere Oldies nie und nimmer zu realisieren imstande sind.} (57... Rc3 58. Bd6 Kh5 59. Be5 Rb3 60. Kf5 Rf3+ 61. Ke4 Kg4 62. Bc7 Rf7 63. Bd6 Rf6 64. Be5 Re6 65. Kd5 Re8 66. Ke4 Re7 67. Kd5 Kh3 68. Bf6 Ra7 69. Kd4 g4 70. Be5 Ra2 71. Ke3 Rxh2 $19) 58. Kf3 Ra2 59. Kg4 Ra4+ 60. Kh3 Kf5 61. Kg2 Ke4 62. Bd6 Kd5 63. Be7 Ke6 64. Bc5 Ra2+ 65. Kg3 Re2 66. h4 gxh4+ 67. Kxh4 {***REMIS abgebrochen***} 1/2-1/2

[Event "Match 72__120'/40"]
[Site "Zurich"]
[Date "2022.??.??"]
[Round "29"]
[White "CXG Sphinx Legend"]
[Black "Mephisto MM II"]
[Result "1-0"]
[WhiteElo "1816"]
[BlackElo "1815"]
[Annotator "KUT"]
[PlyCount "122"]
[EventDate "2022.??.??"]

{[%evp 0,97,17,28,18,28,5,18,13,-7,14,1,5,11,3,16,29,23,39,-8,-11,-16,7,6,7,-1,21,-28,-37,-37,-50,-107,-82,-99,-99,-108,-99,-100,-119,-149,-136,-135,-117,-146,-133,-121,-100,-95,-74,-83,-89,-92,-92,-51,-61,-58,-51,-36,-41,-49,-61,-77,-43,-48,-46,-73,-63,-84,-39,-40,-34,-44,-33,-20,-22,-39,83,101,105,101,179,180,263,306,346,346,408,424,618,794,794,784,814,942,1014,1016,1016,1016,1022,1030]} 1. e4 e5 {Match 120'/40+60'/20+30' | Bediener: Rolf Bühler | 29. Partie: Weiss (CXG) gewinnt | Zwischenstand: 15,5-13,5 (53,4%) für Mephisto MM II | Das Schottische Vierspringerspiel führt zu einem ausgeglichenen Mittelspiel. Der Mephisto MM II mit Schwarz kann dann Vorteil erreichen und einen Bauern erobern. Die Gewinnchancen sind allerdings gering wegen der ungleichfarbigen Läufer und der weissen Dominanz auf den dunklen Feldern. Nach 28 Zügen sind auch die Damen verschwunden und im Endspiel lässt es Schwarz zu, dass der Gegner sein Bauernminus wettmachen kann. Und dann ist es für einmal der Mephisto MM II, der im späten Endspiel patzt. Das erlaubt der CXG Sphinx Legend, in ein gewonnenes Bauernendspiel abzuwickeln, wobei der weisse entfernte Freibauer die entscheidende Rolle spielt. Endlich wieder einmal einen Sieg des ungarischen Programms von Gyula Horvath.} 2. Nc3 Nc6 3. Nf3 Nf6 4. d4 exd4 5. Nxd4 Bb4 6. Nxc6 bxc6 7. Bd3 d5 {***ENDE BUCH***} 8. exd5 {***ENDE BUCH***} Qe7+ {Eine durchaus spielbare, aber relativ selten angewandte Fortsetzung.} (8... cxd5 9. O-O O-O {ist die Hauptvariante mit den Fortsetzungen 10.Lg5 (9172 games) und 10.h3 (2111 games) gemäss ChessBase MegaDB 2023.}) 9. Be2 {Auch 9.De2 ist eine ebenbürtige Alternative, während auch 9.Le3 in Frage kommt.} Bxc3+ 10. bxc3 cxd5 {Das sieht mehr als normal aus. Aber in diesem konkreten Fall geht es tatsächlich genauer mit 10...Sxd5 oder 10...La6.} (10... Nxd5 11. Bd2 Bg4 12. h3 Bh5 13. g4 Bg6 14. O-O O-O 15. Bd3 Rad8 16. Re1 Qf6 17. c4 Nc3 18. Bxc3 Qxc3 19. Re3 f5 20. Qe1 Qd4 21. gxf5 Bxf5 22. Bxf5 Rxf5 23. Rd3 Qf6 24. Rxd8+ Qxd8 25. Qe6+ Rf7 26. Rb1 h6 27. Qxc6 Qg5+ 28. Qg2 Qf5 29. Re1 Qxc2 30. Re8+ Kh7 31. Qe4+ Qxe4 32. Rxe4 Kg6 33. Kg2 Rf6 34. Re5 Ra6 35. Rc5 c6 36. a4 Kf6 37. a5 Ke6 38. Kf3 Kd6 39. Rf5 c5 40. Rf7 Rxa5 41. Rxg7 Ra4 42. Rg6+ Ke5 43. Rxh6 Rxc4 44. Ra6 Rf4+ 45. Ke3 Rf7 46. h4 Rh7 47. h5 Rxh5 {½-½ Kutsanyan,A (2223)-Sibashvili,G (2389) Batumi Municipality Cup 2019 (3)}) (10... Ba6 11. Be3 (11. dxc6 {wäre ein schlimmer Fehler} Rd8 12. Bd2 O-O {und Weiss befindet sich im Zugzwang, verliert deshalb entscheidend Material.}) 11... Bxe2 12. Qxe2 Nxd5 13. Bd4 f6 14. Rb1 Qxe2+ 15. Kxe2 c5 16. c4 cxd4 17. cxd5 O-O-O 18. Rb5 Rhe8+ 19. Kd3 Re5 20. Kxd4 c6 21. Rc5 Rdxd5+ 22. Rxd5 Rxd5+ 23. Kc3 Re5 24. Rd1 Kc7 25. Rd3 Rf5 26. Rf3 Rxf3+ 27. gxf3 g5 28. Kd4 Kd6 29. f4 gxf4 30. f3 f5 31. Kc4 a6 32. c3 c5 33. Kd3 Kc7 34. c4 Kd6 35. a4 a5 36. Kc3 Ke6 37. Kd3 Ke5 38. Kc3 h6 39. Kd3 Kd6 40. Kc3 Ke6 41. Kd3 Ke5 42. Kc3 Kf6 43. Kd3 Kg5 44. Ke2 Kh4 45. Kf2 Kh3 46. Kg1 h5 47. Kh1 {½-½ Evangelista,P (2059)-Morado,J (2125) Subic Bay Puregold op-B 2016 (3)}) 11. O-O O-O 12. Be3 Rd8 13. Qd3 a5 14. Rfe1 Ne4 $11 (14... Ba6 15. Qd1 Bxe2 16. Qxe2 $11 {ist eine gleichwertig gute Alternative.}) 15. c4 $6 {Nicht am besten und nur für Schwarz vorteilhaft.} Ba6 16. Qd1 Nc3 17. Qd4 Nxe2+ 18. Rxe2 Bxc4 {Schwarz darf sich nun über den Mehrbesitz eines Bauern freuen. Wegen der Dominanz des Weissen auf den schwarzen Feldern und der ungleichfarbigen Läufer, ist die Realisierung des schwarzen Vorteils schwierig.} 19. Rd2 $2 {Auf der d-Linie hat der Turm nichts zu suchen.} ({Dragon 3.1 by Komodo Chess 64-bit:} 19. Ree1 a4 20. a3 Qf8 21. Bf4 c6 22. Qc3 Bb5 23. Be3 c5 24. Qxc5 Qxc5 25. Bxc5 Rdc8 26. Bb4 Rxc2 27. Rad1 Bc4 28. Rd2 Rxd2 29. Bxd2 Rc8 30. Re7 h5 31. Rd7 Bb3 32. h3 f6 33. f3 Rc2 34. Ba5 h4 35. Bb6 Ra2 36. Bc5 Rc2 37. Bd4 Bc4 {[%eval -40,44]}) 19... Re8 {Stärker war es, den Turm nach c8 zu stellen, siehe Variante.} (19... Rdc8 20. Qc5 Qxc5 21. Bxc5 a4 22. a3 Ra5 23. Be3 Rb5 $17 {mit spürbarem Vorteil, denn einmal kann auch ...c5 folgen.}) 20. a4 Qb4 21. c3 Qb3 22. Rdd1 Rab8 23. Qc5 Qxc3 24. Bd2 Qe5 25. Bxa5 {Weiss hat sich sehr gut aus der Affäre ziehen können und verfügt jetzt selbst einen Freibauer auf der a-Linie.} Rec8 26. Re1 Qf4 27. Qc6 Qd6 $6 {Indem Schwarz einen Doppelbauer auf der d-Linie zulässt, wird der Mehrbauer von Schwarz absolut belanglos.} 28. Qxd6 cxd6 29. Re7 (29. Red1 {was den Bauernvormarsch ...d4 bremst, war sinnvoller.}) 29... Rc6 30. Rae1 Kf8 31. Rd7 Re8 32. Rd8 Rxd8 33. Bxd8 Be2 34. f3 Rc2 35. Bb6 h5 36. a5 Ra2 37. Bc7 {[#]} Ke7 $2 {Was für ein Glück für die CXG Sphinx Legend: Der Mephisto MM II begeht Selbstmord, indem er den Übergang in ein klar verlorenes Bauernendspiel zulässt.} ({Nach} 37... f6 38. Bxd6+ Kf7 $11 {ist gar nichts los}) 38. Kf2 Kd7 39. Rxe2 Rxe2+ {Erzwungen, ansonsten eine Figur futsch ist.} 40. Kxe2 Kxc7 41. Kd3 $1 {Dieses Bauernendspiel ist dank der Kraft des entfernten Freibauern auf der a-Linie für Weiss leicht gewonnen.} f5 (41... Kb7 42. Kd4 Ka6 43. Kxd5 Kxa5 44. Kxd6 $18 {und gewinnt, da der schwarze König abseits vom Kampfgeschehen steht und weder seine Bauern verteidigen noch die gegnerischen Bauern rechtzeitig angreifen kann.}) 42. Kd4 Kc6 43. a6 g5 44. a7 Kb7 45. Kxd5 Kxa7 46. Kxd6 f4 47. h4 {Auch 47.Ke5 gewinnt.} gxh4 48. Ke5 Kb6 49. Kxf4 Kc5 50. Kg5 h3 51. gxh3 h4 52. Kxh4 Kd5 53. Kg5 Ke6 54. h4 Kf7 55. h5 Kg7 56. h6+ Kh7 57. f4 Kg8 58. Kg6 Kh8 59. f5 Kg8 60. f6 Kh8 61. Kh5 Kg8 {***AUFGEGEBEN***} 1-0